Análisis comparativo de subestaciones eléctricas de distribución en la Compañía Nacional de Fuerza y Luz S.A., convencionales tipo exterior y tipo interior compactas utilizando celdas metalclad
Gorde:
| Egile nagusia: | |
|---|---|
| Formatua: | Liburua |
| Argitaratua: |
2005
[San José, Costa Rica]
|
| Gaiak: | |
| Etiketak: |
Etiketa erantsi
Etiketarik gabe, Izan zaitez lehena erregistro honi etiketa jartzen!
|
MARC
| LEADER | 00000nam a2200000Ia 4500 | ||
|---|---|---|---|
| 003 | 009694 | ||
| 005 | 20231120103223.0 | ||
| 008 | 140114s2005 cr a m 000 ||s d | ||
| 040 | |c cru CEDI | ||
| 090 | |a TFG 5225 | ||
| 100 | |a Alpízar Herrera, Paulo Alejandro, 1982- |9 1795 | ||
| 245 | |a Análisis comparativo de subestaciones eléctricas de distribución en la Compañía Nacional de Fuerza y Luz S.A., convencionales tipo exterior y tipo interior compactas utilizando celdas metalclad | ||
| 260 | |c [San José, Costa Rica] |b 2005 | ||
| 300 | |a [141] hojas : ilustraciones (algunos a color), 2 planos plegables | ||
| 500 | |a Proyecto de graduación (bachiller en ingeniería eléctrica)--Universidad de Costa Rica. Facultad de Ingeniería. Escuela de Ingeniería Eléctrica | ||
| 650 | |x COMPAÑIA NACIONAL DE FUERZA Y LUZ (COSTA RICA) |x SUBESTACIONES ELECTRICAS |x CENTRALES ELECTRICAS |x DISTRIBUCION DE ENERGIA ELECTRICA |x CENTRALES ELECTRICAS |9 5657 | ||
| 942 | |c TFG |h TFG 5225 |i 009694 |6 TFG_5225_009694000000000 | ||
| 999 | |c 17199 |d 17199 | ||
